[Event "Deutsche Ländermeisterschaft 2020"]
[Site "Berlin GER"]
[Date "2020.09.30"]
[Round "2"]
[White "Müller, Maximilian"]
[Black "Mundt, Alexandra"]
[Result "1/2-1/2"]
[Termination "normal"]
[Board "8.5"]
[WhiteElo "1691"]
[BlackElo "1786"]
[WhiteTeam "Saarland"]
[BlackTeam "Schleswig-Holstein"]
[PlyCount "130"]
[WhiteFideId "16243552"]
[BlackFideId "16217276"]
[EventCountry "GER"]
[EventRounds "7"]
[EventType "team-swiss"]
[EventDate "2020.09.29"]

1. e4 e5 2. Nf3 Nf6 3. Nxe5 d6 4. Nf3 Nxe4 5. d3 Nf6 6. d4 d5 7. Bd3 Bg4 8. O-O
Be7 9. c3 Nbd7 10. h3 Bh5 11. Bf4 O-O 12. Re1 Re8 13. Nbd2 Nf8 14. Qc2 Bg6 15.
Ne5 Bxd3 16. Qxd3 Ne6 17. Bh2 Ng5 18. f4 Nge4 19. Nxe4 Nxe4 20. c4 c6 21. Rac1
Bh4 22. Re2 Bf6 23. b4 Bxe5 24. fxe5 Ng5 25. cxd5 Qxd5 26. Rc5 Qd7 27. d5 Ne6
28. Rc3 Qxd5 29. Qxd5 cxd5 30. Rd2 d4 31. Rf3 Rac8 32. Kf1 Kf8 33. g4 Rc3 34.
Kg2 Rec8 35. Bg1 d3 36. Kg3 Ng5 37. Rf5 Ne6 38. Rf3 b6 39. Rdxd3 Rxd3 40. Rxd3
Ke7 41. Be3 Rc4 42. Ra3 Rc7 43. Kf3 Kd7 44. Ke4 Kc6 45. Rc3+ Kb5 46. Rxc7 Nxc7
47. a3 Ka4 48. Bc1 Kb3 49. h4 Kc2 50. Be3 Kb3 51. Bc1 Nb5 52. Kd5 Nxa3 53. Bxa3
Kxa3 54. Kd6 Kxb4 55. Ke7 a5 56. Kxf7 a4 57. e6 a3 58. e7 a2 59. e8=Q a1=Q 60.
Qe7+ Kb5 61. Qe8+ Kc5 62. Qe7+ Kc6 63. Qe6+ Kb7 64. Qd7+ Ka6 65. Qc8+ Kb5
1/2-1/2

[Event "Deutsche Ländermeisterschaft 2020"]
[Site "Berlin GER"]
[Date "2020.09.30"]
[Round "2"]
[White "Alhassan, Jodi"]
[Black "Bräutigam, Katerina"]
[Result "0-1"]
[Termination "normal"]
[Board "8.7"]
[WhiteElo "1275"]
[BlackElo "1744"]
[WhiteTeam "Saarland"]
[BlackTeam "Schleswig-Holstein"]
[PlyCount "112"]
[WhiteFideId "16250460"]
[BlackFideId "16242980"]
[EventCountry "GER"]
[EventRounds "7"]
[EventType "team-swiss"]
[EventDate "2020.09.29"]

1. e4 c6 2. d4 d5 3. Nc3 dxe4 4. Nxe4 Bf5 5. Ng3 Bg6 6. Nf3 Nd7 7. h4 h6 8. h5
Bh7 9. Bd3 Bxd3 10. Qxd3 e6 11. Bf4 Ngf6 12. c4 Be7 13. O-O O-O 14. Rad1 Qa5
15. Ne5 Rad8 16. a3 Nxe5 17. Bxe5 c5 18. Qc3 Qxc3 19. bxc3 cxd4 20. cxd4 Bxa3
21. Ra1 Bb2 22. Rxa7 Bxd4 23. Bxd4 Rxd4 24. Rxb7 Rxc4 25. Rb5 Rfc8 26. Rd1 R4c5
27. Rdb1 Rc1+ 28. Rxc1 Rxc1+ 29. Nf1 Ne4 30. Rb2 Rd1 31. Re2 f5 32. g4 Kf7 33.
gxf5 exf5 34. Kg2 Nf6 35. Ne3 Rd3 36. Nxf5 Nxh5 37. Re4 Kf6 38. Ng3 Nxg3 39.
fxg3 Kf5 40. Rf4+ Kg5 41. Re4 h5 42. Rf4 Rd5 43. Rh4 g6 44. Rf4 Rf5 45. Rh4 Rf6
46. Re4 Kf5 47. Rf4+ Ke5 48. Rh4 Rd6 49. Rh3 Rd4 50. Rh2 Rd2+ 51. Kh3 Rxh2+ 52.
Kxh2 Ke4 53. Kg2 Ke3 54. Kh3 g5 55. Kg2 Ke2 56. Kh3 Kf3 0-1

[Event "Deutsche Ländermeisterschaft 2020"]
[Site "Berlin GER"]
[Date "2020.09.30"]
[Round "2"]
[White "Margaryan, Susanna"]
[Black "Chassard, Cecilia"]
[Result "1-0"]
[Termination "normal"]
[Board "8.8"]
[WhiteElo "1450"]
[BlackElo "980"]
[WhiteTeam "Schleswig-Holstein"]
[BlackTeam "Saarland"]
[PlyCount "91"]
[WhiteFideId "16268210"]
[BlackFideId "16271831"]
[EventCountry "GER"]
[EventRounds "7"]
[EventType "team-swiss"]
[EventDate "2020.09.29"]

1. d4 d5 2. c4 dxc4 3. e3 Be6 4. Nc3 Nc6 5. d5 Bxd5 6. Qxd5 Qxd5 7. Nxd5 O-O-O
8. Nc3 Ne5 9. Bd2 Nd3+ 10. Bxd3 cxd3 11. Nf3 e6 12. O-O Bb4 13. a3 Bxc3 14.
Bxc3 Nf6 15. Rfd1 Ne4 16. Ne5 Rhf8 17. Rxd3 Rxd3 18. Nxd3 Nxc3 19. bxc3 Rd8 20.
Rd1 e5 21. Nb2 Rxd1+ 22. Nxd1 f6 23. Kf1 Kd7 24. Ke2 Kd6 25. Kd3 Kd5 26. e4+
Kc5 27. Nb2 g6 28. g3 f5 29. f4 fxe4+ 30. Kxe4 exf4 31. gxf4 h6 32. h4 h5 33.
Ke5 b6 34. Kf6 a5 35. Kxg6 Kd5 36. f5 Kd6 37. f6 Kd7 38. f7 Ke7 39. Kg7 c5 40.
f8=Q+ Kd7 41. Qf6 Ke8 42. Qf7+ Kd8 43. Qb7 Ke8 44. Kf6 Kd8 45. Ke6 b5 46. Qd7#
1-0

[Event "Deutsche Ländermeisterschaft 2020"]
[Site "Berlin GER"]
[Date "2020.10.01"]
[Round "3"]
[White "Post, Hugo"]
[Black "Haack, Kevin"]
[Result "1-0"]
[Termination "normal"]
[Board "1.3"]
[WhiteElo "2209"]
[BlackElo "2209"]
[WhiteClock "00:12:39"]
[BlackClock "00:04:18"]
[WhiteTeam "Sachsen-Anhalt"]
[BlackTeam "Hessen"]
[PlyCount "73"]
[WhiteFideId "12962490"]
[BlackFideId "16228715"]
[EventCountry "GER"]
[EventRounds "7"]
[EventType "team-swiss"]
[EventDate "2020.09.29"]

1. e4 {[%clk 1:30:57]} c5 2. Nf3 d6 {[%clk 1:31:19]} 3. d4 {[%clk 1:31:45]}
cxd4 {[%clk 1:32:08]} 4. Nxd4 Nf6 {[%clk 1:32:32]} 5. Nc3 {[%clk 1:32:33]} a6
6. Be3 {[%clk 1:32:54]} e6 {[%clk 1:32:52]} 7. f3 {[%clk 1:33:12]} b5 {[%clk
1:33:16]} 8. Qd2 {[%clk 1:33:36]} Nbd7 {[%clk 1:33:40]} 9. g4 b4 {[%clk
1:33:40]} 10. Na4 {[%clk 1:34:19]} h6 {[%clk 1:33:38]} 11. Rg1 Qa5 {[%clk
1:25:59]} 12. b3 {[%clk 1:23:42]} d5 {[%clk 1:24:07]} 13. h4 {[%clk 1:16:54]}
dxe4 {[%clk 1:13:33]} 14. g5 {[%clk 1:16:27]} hxg5 {[%clk 1:12:35]} 15. hxg5
{[%clk 1:11:54]} Nd5 {[%clk 1:11:59]} 16. fxe4 {[%clk 1:05:39]} Nxe3 {[%clk
1:09:25]} 17. Qxe3 {[%clk 1:06:00]} g6 {[%clk 1:07:13]} 18. O-O-O {[%clk
1:02:48]} Bb7 {[%clk 1:01:53]} 19. Bh3 {[%clk 0:57:24]} Nc5 {[%clk 0:56:39]}
20. Rgf1 {[%clk 0:56:27]} Rh7 {[%clk 0:50:47]} 21. Qf4 {[%clk 0:33:49]} Be7
{[%clk 0:45:31]} 22. Kb1 {[%clk 0:28:15]} Nxa4 {[%clk 0:33:55]} 23. bxa4 {[%clk
0:28:22]} Bxg5 {[%clk 0:32:56]} 24. Qg3 {[%clk 0:25:35]} Bh4 {[%clk 0:21:51]}
25. Qh2 {[%clk 0:24:20]} e5 {[%clk 0:18:14]} 26. Nb3 {[%clk 0:21:06]} Qb6
{[%clk 0:15:56]} 27. Qxe5+ {[%clk 0:21:03]} Kf8 {[%clk 0:14:18]} 28. Rd7 {[%clk
0:17:51]} Kg8 {[%clk 0:12:41]} 29. Qf4 {[%clk 0:15:25]} Rf8 30. Rd6 Qa7 {[%clk
0:09:08]} 31. Rxg6+ {[%clk 0:15:10]} Kh8 {[%clk 0:09:25]} 32. Rh6 {[%clk
0:15:20]} Bxe4 {[%clk 0:05:54]} 33. Rxh7+ {[%clk 0:12:33]} Bxh7 {[%clk
0:06:16]} 34. Qxh4 f6 35. Bf5 {[%clk 0:12:53]} Qc7 {[%clk 0:04:09]} 36. Rh1
{[%clk 0:12:29]} Rf7 {[%clk 0:04:18]} 37. Bxh7 {[%clk 0:12:39]} 1-0

[Event "Deutsche Ländermeisterschaft 2020"]
[Site "Berlin GER"]
[Date "2020.10.01"]
[Round "3"]
[White "Dietz, Kristin"]
[Black "Poetsch, Leonore"]
[Result "1-0"]
[Termination "normal"]
[Board "1.5"]
[WhiteElo "1913"]
[BlackElo "1984"]
[WhiteClock "00:12:00"]
[BlackClock "00:25:05"]
[WhiteTeam "Sachsen-Anhalt"]
[BlackTeam "Hessen"]
[PlyCount "60"]
[WhiteFideId "12993743"]
[BlackFideId "12940372"]
[EventCountry "GER"]
[EventRounds "7"]
[EventType "team-swiss"]
[EventDate "2020.09.29"]

1. e4 {[%clk 1:30:58]} e6 {[%clk 1:31:18]} 2. d4 d5 {[%clk 1:31:42]} 3. Nd2
{[%clk 1:31:40]} Nf6 {[%clk 1:32:05]} 4. e5 {[%clk 1:32:01]} Nfd7 5. Bd3 {[%clk
1:32:11]} c5 {[%clk 1:32:30]} 6. c3 {[%clk 1:16:56]} b6 {[%clk 1:31:37]} 7. f4
{[%clk 1:16:29]} Ba6 {[%clk 1:31:18]} 8. Ndf3 {[%clk 1:16:52]} Bxd3 {[%clk
1:31:09]} 9. Qxd3 {[%clk 1:16:37]} Nc6 {[%clk 1:29:31]} 10. Ne2 {[%clk
1:16:31]} cxd4 {[%clk 1:26:45]} 11. cxd4 {[%clk 1:16:01]} Rc8 {[%clk 1:23:08]}
12. O-O {[%clk 0:47:17]} Ne7 {[%clk 1:17:14]} 13. Ng5 {[%clk 0:43:43]} g6
{[%clk 1:14:27]} 14. g4 {[%clk 0:32:14]} h6 {[%clk 1:10:11]} 15. Nf3 {[%clk
0:25:31]} Nb8 {[%clk 1:01:59]} 16. Ng3 {[%clk 0:24:55]} Rg8 {[%clk 0:56:32]}
17. Kh1 {[%clk 0:24:40]} Nbc6 {[%clk 0:50:44]} 18. Bd2 {[%clk 0:21:27]} Qd7
{[%clk 0:40:49]} 19. Nh4 {[%clk 0:18:03]} Bg7 {[%clk 0:41:10]} 20. f5 {[%clk
0:18:28]} gxf5 {[%clk 0:39:33]} 21. gxf5 {[%clk 0:16:07]} f6 {[%clk 0:36:31]}
22. Rae1 {[%clk 0:15:41]} exf5 {[%clk 0:36:07]} 23. exf6 {[%clk 0:15:41]} Bxf6
{[%clk 0:34:06]} 24. Nhxf5 {[%clk 0:14:10]} Bg5 {[%clk 0:30:12]} 25. Nxe7
{[%clk 0:13:34]} Bxe7 {[%clk 0:29:17]} 26. Qh7 {[%clk 0:13:38]} Qg4 {[%clk
0:27:29]} 27. Qf7+ {[%clk 0:13:38]} Kd7 {[%clk 0:26:35]} 28. Qxd5+ {[%clk
0:12:33]} Ke8 {[%clk 0:25:05]} 29. Nf5 {[%clk 0:12:00]} Rc7 30. Nxh6 Bf8 1-0

[Event "Deutsche Ländermeisterschaft 2020"]
[Site "Berlin GER"]
[Date "2020.10.01"]
[Round "3"]
[White "Fischer, Juliane"]
[Black "Schwenke, Mia"]
[Result "1/2-1/2"]
[Termination "normal"]
[Board "1.8"]
[WhiteElo "1509"]
[BlackElo "1265"]
[WhiteClock "00:30:23"]
[BlackClock "00:01:24"]
[WhiteTeam "Hessen"]
[BlackTeam "Sachsen-Anhalt"]
[PlyCount "82"]
[WhiteFideId "16290135"]
[BlackFideId "16263332"]
[EventCountry "GER"]
[EventRounds "7"]
[EventType "team-swiss"]
[EventDate "2020.09.29"]

1. e4 {[%clk 1:30:56]} e5 {[%clk 1:30:51]} 2. Nf3 {[%clk 1:31:17]} Nc6 {[%clk
1:31:14]} 3. Nc3 {[%clk 1:31:33]} Nf6 {[%clk 1:31:34]} 4. a3 {[%clk 1:31:56]}
d5 {[%clk 1:31:38]} 5. Bb5 {[%clk 1:32:17]} d4 {[%clk 1:31:32]} 6. Ne2 {[%clk
1:32:41]} Bd7 {[%clk 1:31:46]} 7. d3 {[%clk 1:30:18]} Bd6 {[%clk 1:31:28]} 8.
O-O {[%clk 1:30:06]} h6 {[%clk 1:31:38]} 9. Bd2 {[%clk 1:29:56]} Ne7 {[%clk
1:31:19]} 10. Bc4 {[%clk 1:28:52]} Nc6 {[%clk 1:25:00]} 11. Ng3 {[%clk
1:26:39]} g6 {[%clk 1:16:16]} 12. Nxe5 {[%clk 1:21:49]} Nxe5 {[%clk 1:13:00]}
13. Ba2 {[%clk 1:18:07]} g5 {[%clk 1:06:58]} 14. f4 {[%clk 1:11:22]} gxf4
{[%clk 1:04:15]} 15. Bxf4 {[%clk 1:11:37]} Qe7 {[%clk 0:56:29]} 16. Nh5 {[%clk
1:06:36]} Nxh5 {[%clk 0:46:10]} 17. Bxe5 {[%clk 1:01:32]} Qxe5 {[%clk 0:34:44]}
18. Bxf7+ {[%clk 0:57:24]} Kd8 {[%clk 0:34:35]} 19. Qxh5 {[%clk 0:57:18]} Qxh5
{[%clk 0:33:45]} 20. Bxh5 {[%clk 0:57:40]} c6 {[%clk 0:29:01]} 21. Rf7 {[%clk
0:51:57]} Be8 {[%clk 0:26:08]} 22. Rf6 {[%clk 0:50:23]} Be7 {[%clk 0:23:44]}
23. Rf5 {[%clk 0:50:10]} Bxh5 {[%clk 0:23:09]} 24. Rxh5 {[%clk 0:50:33]} Kd7
{[%clk 0:21:05]} 25. Rf5 {[%clk 0:49:32]} Raf8 {[%clk 0:20:37]} 26. Raf1 {[%clk
0:49:41]} Rxf5 {[%clk 0:19:44]} 27. Rxf5 {[%clk 0:49:49]} Rf8 {[%clk 0:17:24]}
28. g4 {[%clk 0:44:38]} Ke6 {[%clk 0:15:51]} 29. Kg2 {[%clk 0:42:32]} Rxf5
{[%clk 0:10:51]} 30. gxf5+ {[%clk 0:41:03]} Ke5 {[%clk 0:10:37]} 31. Kf3 {[%clk
0:41:20]} Bg5 {[%clk 0:09:56]} 32. b3 {[%clk 0:39:42]} b5 {[%clk 0:08:59]} 33.
Kg4 {[%clk 0:39:29]} a6 {[%clk 0:07:08]} 34. Kh5 {[%clk 0:33:35]} Kf6 {[%clk
0:07:07]} 35. Kg4 {[%clk 0:31:45]} c5 {[%clk 0:05:44]} 36. a4 {[%clk 0:31:35]}
Be3 {[%clk 0:04:21]} 37. axb5 {[%clk 0:30:32]} axb5 {[%clk 0:04:33]} 38. h3
{[%clk 0:30:28]} Bd2 {[%clk 0:04:08]} 39. Kh5 {[%clk 0:30:03]} Bg5 {[%clk
0:03:42]} 40. Kg4 {[%clk 0:30:23]} b4 {[%clk 0:01:24]} 41. Kh5 Ke5 1/2-1/2

[Event "Deutsche Ländermeisterschaft 2020"]
[Site "Berlin GER"]
[Date "2020.10.01"]
[Round "3"]
[White "Hesse, Henrik"]
[Black "Muckle, Julius"]
[Result "0-1"]
[Termination "normal"]
[Board "2.1"]
[BlackTitle "FM"]
[WhiteElo "2242"]
[BlackElo "2427"]
[WhiteClock "00:15:14"]
[BlackClock "00:45:25"]
[WhiteTeam "Berlin"]
[BlackTeam "Rheinland-Pfalz"]
[PlyCount "120"]
[WhiteFideId "12952060"]
[BlackFideId "12942430"]
[EventCountry "GER"]
[EventRounds "7"]
[EventType "team-swiss"]
[EventDate "2020.09.29"]

1. c4 c6 {[%clk 1:30:54]} 2. g3 {[%clk 1:31:12]} d5 {[%clk 1:31:47]} 3. Nf3
{[%clk 1:30:16]} Nf6 {[%clk 1:31:47]} 4. Bg2 {[%clk 1:28:39]} Bf5 {[%clk
1:29:56]} 5. O-O {[%clk 1:26:48]} e6 {[%clk 1:29:26]} 6. Qb3 {[%clk 1:27:02]}
Qb6 {[%clk 1:29:32]} 7. d3 {[%clk 1:26:56]} Nbd7 {[%clk 1:28:16]} 8. Be3 Qxb3
{[%clk 1:28:42]} 9. axb3 {[%clk 1:27:20]} a6 {[%clk 1:25:32]} 10. Nc3 {[%clk
1:14:55]} h6 {[%clk 1:25:46]} 11. Nd4 {[%clk 1:15:17]} Bh7 {[%clk 1:25:09]} 12.
Nc2 {[%clk 1:00:23]} Be7 {[%clk 1:24:51]} 13. h3 {[%clk 0:54:29]} O-O {[%clk
1:02:18]} 14. Rfc1 {[%clk 0:44:47]} Rfc8 {[%clk 1:01:31]} 15. d4 {[%clk
0:38:58]} Ne8 {[%clk 1:00:51]} 16. c5 {[%clk 0:29:56]} b6 {[%clk 1:00:26]} 17.
b4 {[%clk 0:19:06]} a5 {[%clk 0:59:48]} 18. bxa5 {[%clk 0:19:14]} bxc5 {[%clk
0:51:53]} 19. dxc5 Nxc5 {[%clk 0:52:22]} 20. Bxc5 {[%clk 0:17:09]} Bxc5 {[%clk
0:50:19]} 21. b4 Ba7 {[%clk 0:50:20]} 22. Na4 {[%clk 0:06:45]} Rab8 23. Nb6
{[%clk 0:01:04]} Bxb6 {[%clk 0:49:54]} 24. axb6 Bxc2 {[%clk 0:50:30]} 25. Rxc2
{[%clk 0:01:26]} Rxb6 {[%clk 0:49:52]} 26. e4 {[%clk 0:00:38]} Nd6 27. exd5
{[%clk 0:00:32]} exd5 {[%clk 0:49:53]} 28. Ra7 {[%clk 0:00:58]} Rxb4 {[%clk
0:50:08]} 29. Rd7 {[%clk 0:01:02]} Rc4 {[%clk 0:41:33]} 30. Ra2 {[%clk
0:01:25]} Rc1+ 31. Kh2 {[%clk 0:01:53]} Nb5 {[%clk 0:39:25]} 32. Re2 {[%clk
0:01:13]} Kf8 {[%clk 0:39:28]} 33. Ree7 {[%clk 0:01:26]} Nd6 {[%clk 0:36:10]}
34. Re2 {[%clk 0:01:04]} Re8 {[%clk 0:36:02]} 35. Rb2 {[%clk 0:01:12]} Re6
{[%clk 0:36:14]} 36. Rb8+ {[%clk 0:00:41]} Ne8 37. Rbb7 {[%clk 0:01:07]} Rf6
{[%clk 0:36:31]} 38. f4 {[%clk 0:00:44]} Re1 {[%clk 0:35:58]} 39. h4 {[%clk
0:00:45]} g6 {[%clk 0:32:42]} 40. h5 {[%clk 0:27:47]} gxh5 {[%clk 1:02:22]} 41.
Kh3 {[%clk 0:26:31]} Nd6 {[%clk 0:52:38]} 42. Rb6 {[%clk 0:23:31]} Nc4 {[%clk
0:52:22]} 43. Ra6 {[%clk 0:13:48]} Ne3 {[%clk 0:50:35]} 44. Ra2 {[%clk
0:14:14]} Nxg2 {[%clk 0:50:54]} 45. Kxg2 {[%clk 0:13:52]} h4 {[%clk 0:51:09]}
46. Ra8+ Re8 {[%clk 0:51:12]} 47. Raa7 {[%clk 0:13:16]} hxg3 {[%clk 0:51:02]}
48. Kxg3 Re3+ {[%clk 0:51:23]} 49. Kg4 {[%clk 0:13:17]} Re4 {[%clk 0:51:43]}
50. Ra8+ {[%clk 0:14:03]} Kg7 51. Rdd8 {[%clk 0:14:27]} Rfxf4+ {[%clk 0:52:06]}
52. Kg3 {[%clk 0:14:37]} Rf5 53. Rg8+ {[%clk 0:14:56]} Kf6 {[%clk 0:51:42]} 54.
Rh8 {[%clk 0:15:16]} Rg5+ 55. Kf3 {[%clk 0:15:22]} Rg6 {[%clk 0:45:00]} 56.
Rac8 {[%clk 0:15:14]} Ke5 {[%clk 0:45:25]} 57. Rhf8 {[%clk 0:15:14]} Rf6+
{[%clk 0:45:25]} 58. Kg3 {[%clk 0:15:14]} Kd4 {[%clk 0:45:25]} 59. Ra8 {[%clk
0:15:14]} c5 {[%clk 0:45:25]} 60. Ra4+ {[%clk 0:15:14]} c4 {[%clk 0:45:25]} 0-1

[Event "Deutsche Ländermeisterschaft 2020"]
[Site "Berlin GER"]
[Date "2020.10.01"]
[Round "3"]
[White "Nitsche, Nikolai"]
[Black "Reitz, Theresa"]
[Result "1/2-1/2"]
[Termination "normal"]
[Board "2.5"]
[WhiteElo "1721"]
[BlackElo "1886"]
[WhiteClock "00:53:36"]
[BlackClock "00:12:05"]
[WhiteTeam "Berlin"]
[BlackTeam "Rheinland-Pfalz"]
[PlyCount "109"]
[WhiteFideId "16221036"]
[BlackFideId "12971901"]
[EventCountry "GER"]
[EventRounds "7"]
[EventType "team-swiss"]
[EventDate "2020.09.29"]

1. d4 {[%clk 1:30:28]} Nf6 {[%clk 1:30:52]} 2. Nf3 {[%clk 1:29:33]} g6 {[%clk
1:31:12]} 3. Bf4 {[%clk 1:29:50]} Bg7 {[%clk 1:31:10]} 4. e3 {[%clk 1:29:26]}
d5 {[%clk 1:31:05]} 5. Bd3 {[%clk 1:29:11]} O-O {[%clk 1:30:42]} 6. O-O {[%clk
1:28:07]} c5 {[%clk 1:25:40]} 7. c3 {[%clk 1:27:25]} b6 {[%clk 1:24:14]} 8.
Nbd2 {[%clk 1:26:59]} Nc6 {[%clk 1:23:57]} 9. h3 {[%clk 1:27:17]} Bb7 {[%clk
1:23:59]} 10. Ne5 {[%clk 1:24:10]} Nd7 {[%clk 1:22:23]} 11. Nxc6 {[%clk
1:20:50]} Bxc6 {[%clk 1:22:40]} 12. Bh2 {[%clk 1:21:04]} e5 {[%clk 1:21:32]}
13. dxe5 {[%clk 1:19:08]} Nxe5 {[%clk 1:21:18]} 14. Be2 {[%clk 1:19:18]} Qe7
{[%clk 1:18:40]} 15. Nf3 {[%clk 1:17:46]} Nc4 {[%clk 1:16:52]} 16. Bxc4 {[%clk
1:15:47]} dxc4 {[%clk 1:16:15]} 17. Bd6 {[%clk 1:16:08]} Bxf3 {[%clk 1:15:45]}
18. Bxe7 {[%clk 1:16:31]} Bxd1 {[%clk 1:15:46]} 19. Raxd1 {[%clk 1:16:58]} Rfc8
{[%clk 1:14:48]} 20. Rd7 {[%clk 1:14:07]} b5 {[%clk 1:13:08]} 21. Rd5 {[%clk
1:09:26]} Bf8 {[%clk 1:00:40]} 22. Bf6 {[%clk 1:09:19]} a5 {[%clk 0:59:28]} 23.
Rfd1 {[%clk 0:58:57]} Ra6 {[%clk 0:55:12]} 24. Be5 {[%clk 0:54:02]} b4 {[%clk
0:51:04]} 25. a3 {[%clk 0:46:38]} bxa3 {[%clk 0:41:56]} 26. bxa3 f6 {[%clk
0:37:24]} 27. Bd6 {[%clk 0:46:21]} Rb6 {[%clk 0:37:00]} 28. Bxf8 {[%clk
0:42:52]} Kxf8 {[%clk 0:35:37]} 29. Rd7 {[%clk 0:42:27]} Rcb8 {[%clk 0:32:42]}
30. Rc7 {[%clk 0:38:09]} Rb1 {[%clk 0:31:28]} 31. Rf1 {[%clk 0:38:24]} R1b3
{[%clk 0:27:38]} 32. Rd1 {[%clk 0:33:06]} Rb1 {[%clk 0:24:29]} 33. Rf1 {[%clk
0:33:20]} Rxf1+ {[%clk 0:06:07]} 34. Kxf1 {[%clk 0:33:41]} Rb3 {[%clk 0:06:28]}
35. Rxc5 {[%clk 0:33:50]} Rxa3 {[%clk 0:06:52]} 36. Rxc4 {[%clk 0:34:16]} Ra2
{[%clk 0:06:51]} 37. Rc7 {[%clk 0:34:19]} h5 {[%clk 0:04:26]} 38. g3 {[%clk
0:33:52]} Ke8 {[%clk 0:03:18]} 39. Ra7 {[%clk 0:32:06]} a4 {[%clk 0:01:58]} 40.
c4 {[%clk 0:32:16]} Kd8 {[%clk 0:01:40]} 41. c5 {[%clk 0:32:22]} Kc8 {[%clk
0:01:26]} 42. c6 {[%clk 0:32:39]} Kb8 {[%clk 0:01:05]} 43. Rb7+ {[%clk
0:32:10]} Kc8 {[%clk 0:01:21]} 44. Ra7 {[%clk 0:29:47]} a3 {[%clk 0:29:00]} 45.
c7 {[%clk 0:59:10]} Kd7 {[%clk 0:25:37]} 46. Kg2 {[%clk 0:58:58]} Kc8 {[%clk
0:25:28]} 47. e4 {[%clk 0:57:37]} Kd7 {[%clk 0:22:42]} 48. h4 {[%clk 0:57:56]}
Kc8 {[%clk 0:21:35]} 49. Kf3 {[%clk 0:57:59]} Ra1 {[%clk 0:20:44]} 50. Kg2
{[%clk 0:53:56]} Ra2 {[%clk 0:16:08]} 51. Kf3 {[%clk 0:53:17]} Ra1 {[%clk
0:16:23]} 52. g4 {[%clk 0:53:20]} hxg4+ {[%clk 0:12:14]} 53. Kxg4 {[%clk
0:53:15]} a2 {[%clk 0:11:52]} 54. Kf3 {[%clk 0:53:36]} Kd7 {[%clk 0:12:05]} 55.
Kg2 1/2-1/2

[Event "Deutsche Ländermeisterschaft 2020"]
[Site "Berlin GER"]
[Date "2020.10.01"]
[Round "3"]
[White "Yue, Qizhou"]
[Black "Fock, Sana"]
[Result "1-0"]
[Termination "normal"]
[Board "2.6"]
[WhiteElo "1775"]
[BlackElo "1829"]
[WhiteClock "00:11:52"]
[BlackClock "00:09:23"]
[WhiteTeam "Rheinland-Pfalz"]
[BlackTeam "Berlin"]
[PlyCount "85"]
[WhiteFideId "16273800"]
[BlackFideId "12981966"]
[EventCountry "GER"]
[EventRounds "7"]
[EventType "team-swiss"]
[EventDate "2020.09.29"]

1. e4 {[%clk 1:29:26]} c5 {[%clk 1:30:53]} 2. Nc3 {[%clk 1:29:22]} d6 {[%clk
1:31:00]} 3. f4 {[%clk 1:29:05]} Nc6 {[%clk 1:31:25]} 4. Bb5 {[%clk 1:22:43]}
Bd7 {[%clk 1:28:26]} 5. Nf3 {[%clk 1:21:37]} e6 {[%clk 1:27:34]} 6. d3 {[%clk
1:21:28]} a6 {[%clk 1:27:48]} 7. Bxc6 {[%clk 1:21:37]} Bxc6 {[%clk 1:23:17]} 8.
O-O {[%clk 1:14:37]} Nf6 {[%clk 1:14:12]} 9. Qe1 {[%clk 1:00:13]} Be7 {[%clk
1:00:49]} 10. e5 {[%clk 0:59:48]} dxe5 {[%clk 0:48:59]} 11. fxe5 {[%clk
0:49:13]} Nd5 {[%clk 0:41:53]} 12. Qg3 {[%clk 0:48:21]} Nxc3 {[%clk 0:27:30]}
13. bxc3 {[%clk 0:36:55]} Qd7 {[%clk 0:25:12]} 14. Ng5 {[%clk 0:34:15]} f6
{[%clk 0:25:22]} 15. exf6 {[%clk 0:32:28]} gxf6 {[%clk 0:21:20]} 16. Nxh7 Rxh7
{[%clk 0:21:42]} 17. Qg8+ {[%clk 0:30:14]} Bf8 {[%clk 0:17:29]} 18. Rxf6 {[%clk
0:24:28]} Qg7 {[%clk 0:16:24]} 19. Rxf8+ {[%clk 0:24:50]} Qxf8 {[%clk 0:16:05]}
20. Qxh7 {[%clk 0:21:33]} O-O-O {[%clk 0:14:15]} 21. Bh6 {[%clk 0:16:09]} Qf6
{[%clk 0:14:03]} 22. Rf1 {[%clk 0:15:19]} Qxc3 {[%clk 0:13:58]} 23. Bf4 {[%clk
0:15:29]} Qd4+ {[%clk 0:11:48]} 24. Kh1 {[%clk 0:15:33]} Qd7 {[%clk 0:12:00]}
25. Qxd7+ {[%clk 0:15:15]} Kxd7 {[%clk 0:10:57]} 26. Bg3 {[%clk 0:15:35]} Ke7
{[%clk 0:11:17]} 27. Bh4+ {[%clk 0:15:35]} Ke8 {[%clk 0:11:17]} 28. Bxd8 {[%clk
0:15:35]} Kxd8 {[%clk 0:11:17]} 29. h4 {[%clk 0:16:24]} c4 {[%clk 0:10:41]} 30.
d4 {[%clk 0:16:15]} Be4 {[%clk 0:10:51]} 31. Rf2 {[%clk 0:15:40]} Ke7 {[%clk
0:10:57]} 32. Kh2 {[%clk 0:15:40]} b5 {[%clk 0:10:58]} 33. g4 {[%clk 0:15:44]}
b4 {[%clk 0:10:26]} 34. h5 {[%clk 0:14:15]} a5 {[%clk 0:09:58]} 35. g5 {[%clk
0:13:36]} a4 {[%clk 0:08:08]} 36. g6 c3 {[%clk 0:08:35]} 37. g7 {[%clk
0:12:02]} Bh7 {[%clk 0:08:45]} 38. Rf8 {[%clk 0:12:03]} b3 {[%clk 0:09:02]} 39.
axb3 {[%clk 0:11:52]} axb3 {[%clk 0:09:23]} 40. g8=Q {[%clk 0:11:52]} Bxg8
{[%clk 0:09:23]} 41. Rxg8 {[%clk 0:11:52]} b2 {[%clk 0:09:23]} 42. Rg1 {[%clk
0:11:52]} Kf6 {[%clk 0:09:23]} 43. h6 {[%clk 0:11:52]} 1-0